Catálogo
 En Linea

Promoción de venta como herramienta estratégica / (Registro nro. 45350)

Detalles MARC
000 -CABECERA
campo de control de longitud fija 00587nam a2200157 a 4500
001 - NÚMERO DE CONTROL
campo de control 000045861
005 - FECHA Y HORA DE LA ÚLTIMA TRANSACCIÓN
campo de control 20250128195002.0
008 - DATOS DE LONGITUD FIJA--INFORMACIÓN GENERAL
campo de control de longitud fija 150522s2001 dr ac 000 0 spa d
040 ## - FUENTE DE LA CATALOGACIÓN
Centro catalogador/agencia de origen DO-SdBNP
Lengua de catalogación spa
Centro/agencia transcriptor BNPHU
082 ## - NÚMERO DE LA CLASIFICACIÓN DECIMAL DEWEY
Número de clasificación xxxx
Número de documento/Ítem xxxx
111 2# - ENTRADA PRINCIPAL--NOMBRE DE CONGRESO/REUNIÓN
Nombre de congreso/reunión o jurisdicción como elemento de entrada Congreso Académico Empresarial
Número del congreso/reunión o número de parte o sección (8vo.
Fecha del congreso/reunión 2001 feb. :
Sede del congreso/Lugar de la reunión Santo Domingo)
9 (RLIN) 73933
245 10 - MENCIÓN DE TÍTULO
Título Promoción de venta como herramienta estratégica /
Mención de responsabilidad, etc. expositor ; John J. Burnett.
260 ## - PUBLICACIÓN, DISTRIBUCIÓN, ETC.
Lugar de publicación, distribución, etc. Santo Domingo :
Nombre del editor, distribuidor, etc. Universidad Católica de Santo Domingo,
Fecha de publicación, distribución, etc. 2001.
300 ## - DESCRIPCIÓN FÍSICA
Extensión 215 p. :
Otras características físicas il., retrs. ;
Dimensiones 21 cm.
700 12 - PUNTO DE ACCESO ADICIONAL--NOMBRE DE PERSONA
Nombre de persona Burnett, John J.
Fechas asociadas al nombre 1944-
9 (RLIN) 73934
Existencias
Estado de retiro Estado de pérdida No para préstamo Código de colección Localización permanente Ubicación/localización actual Ubicación en estantería Fecha de adquisición Número de inventario Total de préstamos Signatura topográfica completa Código de barras Fecha visto por última vez Precio válido a partir de Tipo de ítem Koha
    Excluido de préstamo Patrimonio Dominicano Patrimonio Dominicano Patrimonio Dominicano En catalogación 22.05.2015 LF1   xxxx xxxx 45861-10 25.06.2020 25.06.2020 Libro y Folleto Colección Patrimonio Dominicano

Con tecnología Koha